00561nam a22001697a 450000500170000001000150001702000300003203500140006203700130007608200080008910000160009724500460011326000480015927001120020730000580031970000140037720210122123224.0 aENG-128816 c335.00a978-81-8449-556-0 aEN-112348 bDBAD/PUB a485 aSai Ram, A. aSmart English/bby A. Sai Ram and D. Mani aChennaibSura College of Competition c2018 bChennaie600040a1620, J Block, 16th Main Road, Anna Nagark044-26162173, 261161099menquiry@surabooks.com a408p.c25cm(pbk)bIncluding tables and illustrations. aMani, D.